000 00966nam a2200265Ia 4500
003 OSt
005 20221005104205.0
006 a|||||r|||| 00| 0
007 ta
008 221004b |||||||| |||| 00| 0 hin d
020 _a9788192512624 (hbk)
_cINR 500.00
024 _a42812
037 _b306, 15/03/2019, Shivalik Prakashan
_cTextual
040 _aCRL
_cCRL
_bhin
041 _2hin
_ahin
082 _aO152:g, Q6
100 _aपाण्डेय, रामसजन, ले.
245 0 _aविविध साहित्यिक वाद
246 _aVividh sāhityik vāda
260 _aदिल्ली
_bनेहा पुस्तक केन्द्र भारत
_c2016
300 _a175पृ0
_ccm.
650 _aहिन्दी साहित्य
942 _hO152:g, Q6
_cTEXL
_2cc
999 _c1011985
_d1011985